Full fathom five
Bewaard in:
| Hoofdauteur: | |
|---|---|
| Formaat: | Boek |
| Taal: | Undetermined |
| Gepubliceerd in: |
Boston, Estados Unidos
Houghton Mifflin
1965
|
| Onderwerpen: | |
| Tags: |
Voeg label toe
Geen labels, Wees de eerste die dit record labelt!
|
MARC
| LEADER | 00000nam a2200000Ia 4500 | ||
|---|---|---|---|
| 008 | 170316s9999 xx 000 0 und d | ||
| 090 | |a F-810 C-7f | ||
| 100 | |a Carter, John Stewart | ||
| 245 | |a Full fathom five | ||
| 260 | |a Boston, Estados Unidos | ||
| 260 | |b Houghton Mifflin | ||
| 260 | |c 1965 | ||
| 300 | |a 246 páginas | ||
| 650 | |a LITERATURA ESTADOUNIDENSE | ||
| 650 | |a FICCIÓN | ||
| 999 | |c 28760 |d 28760 | ||
| 040 | |a cru BVZT | ||
| 942 | |c 15 D |h F-810 C-7f |2 z | ||
